La mathematique modern : a l'usage du physicien et de l' Ingenieur
Saved in:
| Main Author: | |
|---|---|
| Format: | Book |
| Language: | French |
| Published: |
Paris :
Editions Eyrolles,
1961.
|
| Subjects: | |
| Tags: |
Add Tag
No Tags, Be the first to tag this record!
|
MARC
| LEADER | 00000cam a2200000 a 4500 | ||
|---|---|---|---|
| 001 | 1/109057 | ||
| 008 | 151005s1961####fr | ||| |||| ||fre|| | ||
| 040 | |a GR-MyUa |b gre |c GR-MyUa |e AACR2 | ||
| 041 | 0 | |a fre | |
| 082 | 7 | |a 510 |2 (23) | |
| 100 | 1 | |a Blanc-Lapierre, Marc. | |
| 245 | 1 | 2 | |a La mathematique modern : |b a l'usage du physicien et de l' Ingenieur / |c par Marc Blanc-Lapierre. |
| 260 | |a Paris : |b Editions Eyrolles, |c 1961. | ||
| 300 | |a xxii, 669 σ. : |b πίν. ; |c 25 εκ. | ||
| 505 | 8 | |a τ.1. Elements mathematiques. | |
| 650 | 0 | |a Mathematics. | |
| 740 | 0 | |a Elements mathematiques. | |
| 852 | |a INST |b SAMOS |c MAG |e 20151005 |h 510 BLA |p 005300042943 |q 005300042943 |t BK |v τομ.1: |y 0 | ||
| 853 | |a INST |b SAMOS |c MAG |h 510 BLA | ||
| 970 | |a Σιτζίμη |b Γιασεμή |z 05/10/2015 | ||